[Event "XIV American Continental-ch 2019"]
[Site "Sao Paulo"]
[Date "2019.07.08"]
[Round "5.6"]
[White "Gonzalez Vidal, Yuri"]
[Black "Molina, Roberto Junio Brito"]
[Result "1/2-1/2"]
[WhiteElo "2547"]
[BlackElo "2464"]
[Annotator "TA"]
[PlyCount "61"]
[EventDate "2019.07.05"]
[EventType "swiss"]
[EventCountry "BRA"]
[SourceTitle "playchess.com"]
[Source "ChessBase"]
[SourceQuality "1"]

{[%evp 11,61,20,39,38,29,20,64,71,81,73,69,63,75,56,56,63,47,21,63,28,72,0,0,0,0,0,0,-16,7,11,40,8,16,18,30,28,83,87,83,79,89,0,0,0,0,0,0,0,0,0,0,-47]} 1. e4 c6 2. d4 d5 3. e5 Bf5 4. Nf3 e6 5. Be2 Nd7 6. O-O h6 7. a4 {[%cal Ba2a4,Ba4a5][%mdl 32] B12: Caro-Kann: Advance Variation} (7. Nbd2 g5 8. Nb3 Ne7 9. a4 Bg7 10. a5 O-O 11. c3 b6 12. Be3 Qc7 13. Ne1 f6 14. exf6 Nxf6 15. f4 {0-1 (40) Sethuraman,S (2637)-Iturrizaga Bonelli,E (2639) Dubai 2019}) 7... Ne7 8. a5 a6 9. b4 {White is slightly better.} Nc8 10. c3 Na7 11. Ne1 Nb5 12. Bd3 $146 ({Predecessor:} 12. f4 h5 13. Bb2 g5 14. Bd3 Bxd3 15. Nxd3 gxf4 16. Rxf4 {0-1 (28) Fawzy,A (2434)-Hbacha,A (2276) Lome 2017}) 12... Bxd3 13. Nxd3 Qe7 14. Be3 O-O-O 15. Qc2 f6 16. Nd2 ({White should try} 16. c4 $16 Nc7 17. Nd2) 16... g5 $11 17. c4 dxc4 18. Nxc4 Kb8 19. Rae1 Bg7 20. f4 $36 {[%mdl 2048] White fights for an advantage.} Rhe8 21. Nc5 f5 22. Rd1 gxf4 23. Bxf4 Nxc5 (23... Rg8 $1 $11) 24. dxc5 $16 Rxd1 25. Rxd1 Nc7 {[#]} 26. Qd2 (26. Rd6 $1 $16) 26... Nd5 $11 {The position is equal.} 27. Nb6 Rd8 28. g3 Kc7 29. Bxh6 {Bg5 is the strong threat.} Bxe5 30. Bg5 Bf6 31. Bxf6 {Accuracy: White = 56%, Black = 50%.} 1/2-1/2

[Event "XIV American Continental-ch 2019"]
[Site "Sao Paulo"]
[Date "2019.07.08"]
[Round "5.7"]
[White "Escalante Ramirez, Brian Sebasti"]
[Black "Mekhitarian, Krikor Sevag"]
[Result "1/2-1/2"]
[WhiteElo "2447"]
[BlackElo "2545"]
[Annotator "ChessBase"]
[PlyCount "80"]
[EventDate "2019.07.05"]
[EventType "swiss"]
[EventCountry "BRA"]
[SourceTitle "playchess.com"]
[Source "ChessBase"]
[SourceQuality "1"]
[TimeControl "40/5400+30:1800+30"]

1. e4 {[%emt 0:00:00]} e5 {[%emt 0:00:00]} 2. Nf3 {[%emt 0:00:00]} Nc6 {[%emt 0:00:00]} 3. d4 {[%emt 0:00:00]} exd4 {[%emt 0:00:00]} 4. Nxd4 {[%emt 0:00:00]} Nf6 {[%emt 0:00:00]} 5. Nxc6 {[%emt 0:00:00]} bxc6 {[%emt 0:00:00]} 6. e5 {[%emt 0:00:00]} Qe7 {[%emt 0:00:10]} 7. Qe2 {[%emt 0:00:00]} Nd5 {[%emt 0:00:24]} 8. c4 {[%emt 0:00:00]} Ba6 {[%emt 0:00:17]} 9. Nd2 {[%emt 0:00:01]} g6 {[%emt 0:00:39]} 10. Nf3 {[%emt 0:00:54]} Qb4+ {[%emt 0:01:05]} 11. Kd1 {[%emt 0:00:31]} Bg7 {[%emt 0:00:16]} 12. Qd2 {[%emt 0:00:56]} Qxd2+ {[%emt 0:00:25]} 13. Bxd2 {[%emt 0:00:02]} Nb6 {[%emt 0:00:13]} 14. b3 {[%emt 0:00:01]} c5 {[%emt 0:02:01]} 15. Kc2 {[%emt 0:01:51]} Bb7 {[%emt 0:01:52]} 16. Re1 {[%emt 0:00:38]} O-O {[%emt 0:09:12]} 17. Bd3 {[%emt 0:09:28]} Rae8 {[%emt 0:15:24]} 18. Bc3 {[%emt 0:04:37]} d6 {[%emt 0:32:44]} 19. exd6 {[%emt 0:01:34]} Bxc3 {[%emt 0:01:20]} 20. Kxc3 {[%emt 0:19:41]} Bxf3 {[%emt 0:01:23]} 21. Rxe8 {[%emt 0:36:21]} Rxe8 {[%emt 0:00:20]} 22. gxf3 {[%emt 0:00:36]} cxd6 {[%emt 0:00:14]} 23. Rd1 {[%emt 0:00:50]} Kf8 {[%emt 0:13:33]} 24. Be4 {[%emt 0:05:16]} Re6 {[%emt 0:05:24]} 25. b4 {[%emt 0:00:52]} f5 {[%emt 0:00:51]} 26. Bc6 {[%emt 0:00:58]} Ke7 {[%emt 0:05:44]} 27. a4 {[%emt 0:00:25]} cxb4+ {[%emt 0:02:07]} 28. Kxb4 {[%emt 0:00:02]} Re5 {[%emt 0:01:33]} 29. a5 {[%emt 0:00:10]} Nd7 {[%emt 0:02:21]} 30. f4 {[%emt 0:00:50]} Re2 {[%emt 0:00:25]} 31. Bxd7 {[%emt 0:01:36]} Kxd7 {[%emt 0:00:02]} 32. c5 {[%emt 0:00:33]} Rb2+ {[%emt 0:01:05]} 33. Kc3 {[%emt 0:06:06]} Rxf2 {[%emt 0:00:15]} 34. Rxd6+ {[%emt 0:00:08]} Kc7 {[%emt 0:00:05]} 35. Kc4 {[%emt 0:02:42]} Rxf4+ {[%emt 0:03:06]} 36. Kd5 {[%emt 0:04:24]} Rf2 {[%emt 0:00:08]} 37. Rc6+ {[%emt 0:00:05]} Kd7 {[%emt 0:00:17]} 38. Rd6+ {[%emt 0:00:02]} Kc7 {[%emt 0:00:08]} 39. Rc6+ {[%emt 0:00:04]} Kd7 {[%emt 0:00:22]} 40. Rd6+ {[%emt 0:00:02]} Kc7 {[%emt 0:01:34] Ke4} 1/2-1/2

[Event "XIV American Continental-ch 2019"]
[Site "Sao Paulo"]
[Date "2019.07.08"]
[Round "5.8"]
[White "Santos, Marcus Vinicius More"]
[Black "Garcia Pantoja, Roberto"]
[Result "0-1"]
[WhiteElo "2354"]
[BlackElo "2529"]
[Annotator "ChessBase"]
[PlyCount "50"]
[EventDate "2019.07.05"]
[EventType "swiss"]
[EventCountry "BRA"]
[SourceTitle "playchess.com"]
[Source "ChessBase"]
[SourceQuality "1"]
[TimeControl "40/5400+30:1800+30"]

1. d4 {[%emt 0:00:00]} d5 {[%emt 0:00:00]} 2. c4 {[%emt 0:00:14]} e6 {[%emt 0:00:08]} 3. Nc3 {[%emt 0:00:22]} Bb4 {[%emt 0:01:12]} 4. Qa4+ {[%emt 0:05:55]} Nc6 {[%emt 0:00:14]} 5. cxd5 {[%emt 0:03:04]} exd5 {[%emt 0:01:44]} 6. Bf4 {[%emt 0:01:40]} Nge7 {[%emt 0:01:08]} 7. e3 {[%emt 0:01:22]} O-O {[%emt 0:03:32]} 8. Nf3 {[%emt 0:03:14]} Ng6 {[%emt 0:01:11]} 9. Bg3 {[%emt 0:01:29]} f5 {[%emt 0:00:11]} 10. Bb5 {[%emt 0:18:14]} f4 {[%emt 0:10:37]} 11. exf4 {[%emt 0:01:48]} Nxf4 {[%emt 0:15:28]} 12. Bxf4 {[%emt 0:10:43]} Rxf4 {[%emt 0:00:22]} 13. Bxc6 {[%emt 0:01:26]} Bxc3+ {[%emt 0:01:13]} 14. bxc3 {[%emt 0:00:09]} bxc6 {[%emt 0:01:59]} 15. Qxc6 {[%emt 0:29:31]} Re4+ {[%emt 0:26:38]} 16. Kf1 {[%emt 0:01:12]} Rb8 {[%emt 0:02:07]} 17. Kg1 {[%emt 0:06:09]} Rb2 {[%emt 0:06:16]} 18. h4 {[%emt 0:00:46]} Re6 {[%emt 0:02:05]} 19. Qa8 {[%emt 0:04:04]} Rb7 {[%emt 0:10:10]} 20. Kh2 {[%emt 0:03:45]} Reb6 {[%emt 0:02:30]} 21. Rhe1 {[%emt 0:00:46]} Rb8 {[%emt 0:03:45]} 22. Qxa7 {[%emt 0:00:19]} Ba6 {[%emt 0:03:27]} 23. Re5 {[%emt 0:00:52]} Ra8 {[%emt 0:00:28]} 24. Qxb6 {[%emt 0:02:54]} cxb6 {[%emt 0:00:02]} 25. Rae1 {[%emt 0:00:06]} Bd3 {[%emt 0:00:48]} 0-1

[Event "XIV American Continental-ch 2019"]
[Site "Sao Paulo"]
[Date "2019.07.08"]
[Round "5.9"]
[White "Gareyev, Timur"]
[Black "Quintiliano Pinto, Renato R."]
[Result "1/2-1/2"]
[WhiteElo "2588"]
[BlackElo "2443"]
[Annotator "ChessBase"]
[PlyCount "85"]
[EventDate "2019.07.05"]
[EventType "swiss"]
[EventCountry "BRA"]
[SourceTitle "playchess.com"]
[Source "ChessBase"]
[SourceQuality "1"]
[TimeControl "40/5400+30:1800+30"]

1. b3 {[%emt 0:09:37]} e5 {[%emt 0:00:00]} 2. Bb2 {[%emt 0:00:07]} Nc6 {[%emt 0:00:07]} 3. e3 {[%emt 0:01:28]} Nf6 {[%emt 0:01:08]} 4. Bb5 {[%emt 0:02:38]} Bd6 {[%emt 0:00:52]} 5. Nc3 {[%emt 0:05:43]} a6 {[%emt 0:03:00]} 6. Be2 {[%emt 0:04:28]} O-O {[%emt 0:05:18]} 7. g4 {[%emt 0:01:10]} Be7 {[%emt 0:11:05]} 8. Bf3 {[%emt 0:01:06]} d6 {[%emt 0:07:13]} 9. g5 {[%emt 0:02:14]} Nd7 {[%emt 0:01:18]} 10. h4 {[%emt 0:00:03]} Nb6 {[%emt 0:00:18]} 11. Bxc6 {[%emt 0:14:49]} bxc6 {[%emt 0:00:11]} 12. Nge2 {[%emt 0:08:22]} d5 {[%emt 0:07:34]} 13. d4 {[%emt 0:01:35]} e4 {[%emt 0:00:42]} 14. Nf4 {[%emt 0:00:36]} Bf5 {[%emt 0:08:45]} 15. Rg1 {[%emt 0:01:10]} Bd6 {[%emt 0:02:35]} 16. a4 {[%emt 0:00:13]} Qe7 {[%emt 0:03:28]} 17. Nce2 {[%emt 0:03:36]} f6 {[%emt 0:05:06]} 18. a5 {[%emt 0:05:15]} Nd7 {[%emt 0:04:11]} 19. Qd2 {[%emt 0:01:47]} fxg5 {[%emt 0:02:16]} 20. hxg5 {[%emt 0:00:14]} Rab8 {[%emt 0:01:06]} 21. Bc3 {[%emt 0:03:18]} Rf7 {[%emt 0:01:46]} 22. O-O-O {[%emt 0:01:06]} Nf8 {[%emt 0:00:18]} 23. Kb2 {[%emt 0:01:18]} Re8 {[%emt 0:08:18]} 24. Rg3 {[%emt 0:02:34]} g6 {[%emt 0:08:51]} 25. Rg2 {[%emt 0:07:38]} Ne6 {[%emt 0:01:30]} 26. Nxe6 {[%emt 0:01:37]} Bxe6 {[%emt 0:00:04]} 27. Nf4 {[%emt 0:00:11]} Bc8 {[%emt 0:11:28]} 28. Ra1 {[%emt 0:06:18]} Rf5 {[%emt 0:00:54]} 29. Rag1 {[%emt 0:01:20]} Rf7 {[%emt 0:01:12]} 30. Rh1 {[%emt 0:00:46]} Ref8 {[%emt 0:00:21]} 31. Qe1 {[%emt 0:00:48]} Rg7 {[%emt 0:00:29]} 32. Rh4 {[%emt 0:01:53]} Rf5 {[%emt 0:00:16]} 33. Qg1 {[%emt 0:00:30]} Qf8 {[%emt 0:01:02]} 34. Qh2 {[%emt 0:01:23]} Qe7 {[%emt 0:00:06]} 35. Qg3 {[%emt 0:00:52]} Rgf7 {[%emt 0:00:35]} 36. Qh3 {[%emt 0:00:41]} Rxf4 {[%emt 0:02:32]} 37. Qxc8+ {[%emt 0:00:01]} Rf8 {[%emt 0:00:09]} 38. Qh3 {[%emt 0:00:27]} Rxf2 {[%emt 0:00:10]} 39. Rxf2 {[%emt 0:00:28]} Rxf2 {[%emt 0:00:04]} 40. Qc8+ {[%emt 0:00:16]} Kg7 {[%emt 0:01:24]} 41. Qh3 {[%emt 0:33:20]} Kg8 {[%emt 0:09:35]} 42. Qc8+ {[%emt 0:00:00]} Kg7 {[%emt 0:03:14]} 43. Qh3 {[%emt 0:00:00]} 1/2-1/2

[Event "XIV American Continental-ch 2019"]
[Site "Sao Paulo"]
[Date "2019.07.08"]
[Round "5.10"]
[White "Gemy, Jose Daniel"]
[Black "Delgado Ramirez, Neuris"]
[Result "1/2-1/2"]
[WhiteElo "2371"]
[BlackElo "2605"]
[Annotator "RC"]
[PlyCount "65"]
[EventDate "2019.07.05"]
[EventType "swiss"]
[EventCountry "BRA"]
[SourceTitle "playchess.com"]
[Source "ChessBase"]
[SourceQuality "1"]
[TimeControl "40/5400+30:1800+30"]

1. e4 {[%emt 0:09:39]} c5 {[%emt 0:04:25]} 2. Nf3 {[%emt 0:00:10]} d6 {[%emt 0:00:04]} 3. g3 {[%emt 0:00:09]} g6 {[%emt 0:00:28]} 4. Bg2 {[%emt 0:00:10]} Bg7 {[%emt 0:00:05]} 5. O-O {[%emt 0:00:33]} Nc6 {[%emt 0:00:07]} 6. c3 {[%emt 0:01:34]} e5 {[%emt 0:00:17]} 7. d3 {[%emt 0:00:24]} Nge7 {[%emt 0:00:14]} 8. a3 {[%emt 0:00:05]} a5 {[%emt 0:00:08]} 9. a4 {[%emt 0:00:36]} O-O {[%emt 0:00:05]} 10. Na3 {[%emt 0:04:53]} h6 {[%emt 0:00:29]} 11. Nd2 {[%emt 0:11:22]} Be6 {[%emt 0:00:52]} 12. f4 {[%emt 0:09:08]} exf4 {[%emt 0:05:50]} 13. gxf4 {[%emt 0:00:23]} f5 {[%emt 0:00:04]} 14. Nb5 {[%emt 0:04:09]} Kh7 {[%emt 0:02:57]} 15. Qe2 {[%emt 0:05:03]} Bg8 {[%emt 0:04:57]} 16. Nc4 {[%emt 0:01:24]} d5 {[%emt 0:01:51]} 17. Ncd6 {[%emt 0:02:00]} Qd7 {[%emt 0:00:56]} 18. e5 {[%emt 0:01:51]} Nc8 {[%emt 0:00:23]} 19. Qf2 {[%emt 0:10:05]} d4 {[%emt 0:05:49]} 20. Qf3 {[%emt 0:03:45]} Nxd6 {[%emt 0:01:24]} 21. Nxd6 {[%emt 0:00:09]} Ra6 {[%emt 0:00:03]} 22. h4 {[%emt 0:04:40]} Rb6 {[%emt 0:01:19]} 23. Nb5 {[%emt 0:03:35]} Rd8 {[%emt 0:02:37]} 24. c4 {[%emt 0:03:26]} h5 {[%emt 0:02:53]} 25. Bd2 {[%emt 0:00:25]} Bf8 {[%emt 0:00:21]} 26. Qg3 {[%emt 0:00:52]} Be7 {[%emt 0:00:47]} 27. Kh2 {[%emt 0:00:09]} Bf7 {[%emt 0:00:24]} 28. b3 {[%emt 0:04:02]} Rg8 {[%emt 0:00:32]} 29. Bf3 {[%emt 0:00:58]} Qd8 {[%emt 0:00:08]} 30. Kh3 {[%emt 0:04:31]} Be6 {[%emt 0:01:37]} 31. Rae1 {[%emt 0:05:29]} Ra6 {[%emt 0:01:40]} 32. Qf2 {[%emt 0:00:56]} Qd7 {[%emt 0:01:10]} 33. Rh1 {[%emt 0:00:15]} 1/2-1/2

[Event "XIV American Continental-ch 2019"]
[Site "Sao Paulo"]
[Date "2019.07.08"]
[Round "5.11"]
[White "Mecking, Henrique"]
[Black "Duran Vega, Sergio"]
[Result "1/2-1/2"]
[WhiteElo "2576"]
[BlackElo "2364"]
[Annotator "ChessBase"]
[PlyCount "55"]
[EventDate "2019.07.05"]
[EventType "swiss"]
[EventCountry "BRA"]
[SourceTitle "playchess.com"]
[Source "ChessBase"]
[SourceQuality "1"]
[TimeControl "40/5400+30:1800+30"]

1. d4 {[%emt 0:00:30]} Nf6 {[%emt 0:00:00]} 2. c4 {[%emt 0:00:17]} e6 {[%emt 0:00:00]} 3. Nf3 {[%emt 0:00:04]} d5 {[%emt 0:00:05]} 4. Nc3 {[%emt 0:00:05]} Be7 {[%emt 0:00:14]} 5. Bg5 {[%emt 0:00:06]} h6 {[%emt 0:00:15]} 6. Bh4 {[%emt 0:00:04]} O-O {[%emt 0:00:09]} 7. e3 {[%emt 0:00:03]} b6 {[%emt 0:00:09]} 8. cxd5 {[%emt 0:00:46]} Nxd5 {[%emt 0:00:24]} 9. Bxe7 {[%emt 0:00:06]} Qxe7 {[%emt 0:00:12]} 10. Nxd5 {[%emt 0:00:07]} exd5 {[%emt 0:00:09]} 11. Rc1 {[%emt 0:00:05]} Be6 {[%emt 0:05:07]} 12. Be2 {[%emt 0:07:27]} c5 {[%emt 0:01:21]} 13. b3 {[%emt 0:00:07]} Nd7 {[%emt 0:02:49]} 14. O-O {[%emt 0:00:43]} Rfc8 {[%emt 0:05:11]} 15. Ba6 {[%emt 0:17:03]} Rc7 {[%emt 0:03:49]} 16. h3 {[%emt 0:00:58]} Nb8 {[%emt 0:14:38]} 17. Bd3 {[%emt 0:13:09]} Nc6 {[%emt 0:02:34]} 18. Bb1 {[%emt 0:05:44]} cxd4 {[%emt 0:15:03]} 19. Qc2 {[%emt 0:04:30]} g6 {[%emt 0:08:34]} 20. Nxd4 {[%emt 0:06:07]} Rac8 {[%emt 0:04:45]} 21. Nxe6 {[%emt 0:01:21]} Qxe6 {[%emt 0:00:13]} 22. Qd2 {[%emt 0:02:00]} Ne7 {[%emt 0:11:15]} 23. Rxc7 {[%emt 0:00:33]} Rxc7 {[%emt 0:00:02]} 24. Rd1 {[%emt 0:00:34]} Qe5 {[%emt 0:03:16]} 25. Bd3 {[%emt 0:18:49]} Kg7 {[%emt 0:01:25]} 26. Rc1 {[%emt 0:08:47]} Rxc1+ {[%emt 0:04:20]} 27. Qxc1 {[%emt 0:00:01]} d4 {[%emt 0:03:06]} 28. exd4 {[%emt 0:00:13]} 1/2-1/2

[Event "XIV American Continental-ch 2019"]
[Site "Sao Paulo"]
[Date "2019.07.08"]
[Round "5.12"]
[White "Lima, Darcy"]
[Black "Mieles Palau, Daniel"]
[Result "0-1"]
[WhiteElo "2543"]
[BlackElo "2359"]
[Annotator "ChessBase"]
[PlyCount "79"]
[EventDate "2019.07.05"]
[EventType "swiss"]
[EventCountry "BRA"]
[SourceTitle "playchess.com"]
[Source "ChessBase"]
[SourceQuality "1"]
[TimeControl "40/5400+30:1800+30"]

1. g3 {[%emt 0:00:00]} c5 {[%emt 0:01:04]} 2. Nf3 {[%emt 0:02:22]} Nc6 {[%emt 0:00:49]} 3. d4 {[%emt 0:00:40]} cxd4 {[%emt 0:01:23]} 4. Nxd4 {[%emt 0:00:06]} e5 {[%emt 0:04:10]} 5. Nxc6 {[%emt 0:04:45]} dxc6 {[%emt 0:00:09]} 6. Qxd8+ {[%emt 0:00:06]} Kxd8 {[%emt 0:00:05]} 7. Nd2 {[%emt 0:00:22]} Be6 {[%emt 0:03:42]} 8. e4 {[%emt 0:00:06]} Nf6 {[%emt 0:01:58]} 9. f3 {[%emt 0:02:04]} Kc7 {[%emt 0:03:58]} 10. Bc4 {[%emt 0:00:26]} Bxc4 {[%emt 0:01:55]} 11. Nxc4 {[%emt 0:00:06]} Nd7 {[%emt 0:00:08]} 12. Be3 {[%emt 0:05:09]} b5 {[%emt 0:06:11]} 13. Nd2 {[%emt 0:01:01]} Bc5 {[%emt 0:02:21]} 14. Ke2 {[%emt 0:01:04]} Bxe3 {[%emt 0:03:57]} 15. Kxe3 {[%emt 0:00:03]} Nc5 {[%emt 0:00:05]} 16. b3 {[%emt 0:01:04]} Rhd8 {[%emt 0:01:17]} 17. a4 {[%emt 0:01:28]} Rd4 {[%emt 0:00:36]} 18. axb5 {[%emt 0:01:45]} cxb5 {[%emt 0:01:09]} 19. Nb1 {[%emt 0:00:52]} b4 {[%emt 0:37:57]} 20. Nd2 {[%emt 0:00:36]} a5 {[%emt 0:05:55]} 21. Rhf1 {[%emt 0:38:24]} f6 {[%emt 0:05:18]} 22. f4 {[%emt 0:01:38]} Rad8 {[%emt 0:00:23]} 23. Rf2 {[%emt 0:00:06]} Nd3 {[%emt 0:00:08]} 24. Rg2 {[%emt 0:01:17]} Nxf4 {[%emt 0:01:02]} 25. gxf4 {[%emt 0:00:15]} exf4+ {[%emt 0:00:04]} 26. Kf3 {[%emt 0:02:51]} Rxd2 {[%emt 0:00:06]} 27. Rxg7+ {[%emt 0:00:16]} Kb6 {[%emt 0:00:17]} 28. Rf7 {[%emt 0:00:42]} R8d6 {[%emt 0:00:21]} 29. Ra2 {[%emt 0:01:47]} Rxh2 {[%emt 0:03:42]} 30. Kxf4 {[%emt 0:00:05]} Rc6 {[%emt 0:03:33]} 31. Rf8 {[%emt 0:00:15]} Rh4+ {[%emt 0:03:06]} 32. Kf3 {[%emt 0:04:15]} Rc3+ {[%emt 0:01:49]} 33. Kg2 {[%emt 0:00:11]} Rg4+ {[%emt 0:00:12]} 34. Kh2 {[%emt 0:00:34]} Rh4+ {[%emt 0:00:03]} 35. Kg2 {[%emt 0:00:05]} Rg4+ {[%emt 0:00:04]} 36. Kh2 {[%emt 0:00:06]} Rxe4 {[%emt 0:01:31]} 37. Rxf6+ {[%emt 0:00:05]} Rc6 {[%emt 0:00:13]} 38. Rf5 {[%emt 0:02:28]} Re2+ {[%emt 0:00:25]} 39. Kg3 {[%emt 0:00:47]} Rexc2 {[%emt 0:00:22]} 40. Rf4 0-1

[Event "XIV American Continental-ch 2019"]
[Site "Sao Paulo"]
[Date "2019.07.08"]
[Round "5.13"]
[White "Di Berardino, Diego Rafael"]
[Black "Rangel, Daniel"]
[Result "1-0"]
[WhiteElo "2506"]
[BlackElo "2325"]
[Annotator "ChessBase"]
[PlyCount "59"]
[EventDate "2019.07.05"]
[EventType "swiss"]
[EventCountry "BRA"]
[SourceTitle "playchess.com"]
[Source "ChessBase"]
[SourceQuality "1"]
[TimeControl "40/5400+30:1800+30"]

1. c4 {[%emt 0:00:00]} c6 {[%emt 0:00:00]} 2. e4 {[%emt 0:00:00]} d5 {[%emt 0:00:00]} 3. exd5 {[%emt 0:00:01]} cxd5 {[%emt 0:00:00]} 4. d4 {[%emt 0:00:05]} Nf6 {[%emt 0:00:07]} 5. Nc3 {[%emt 0:00:05]} Nc6 {[%emt 0:00:03]} 6. Bg5 {[%emt 0:00:33]} dxc4 {[%emt 0:00:08]} 7. d5 {[%emt 0:02:13]} Ne5 {[%emt 0:00:05]} 8. Qd4 {[%emt 0:00:04]} h6 {[%emt 0:07:44]} 9. Bf4 {[%emt 0:03:15]} Nd3+ {[%emt 0:08:09]} 10. Bxd3 {[%emt 0:00:05]} cxd3 {[%emt 0:00:02]} 11. Nf3 {[%emt 0:02:33]} g6 {[%emt 0:03:32]} 12. O-O {[%emt 0:04:52]} Bg7 {[%emt 0:00:43]} 13. Qxd3 {[%emt 0:24:27]} O-O {[%emt 0:00:42]} 14. Rfe1 {[%emt 0:02:03]} Re8 {[%emt 0:09:23]} 15. h3 {[%emt 0:05:27]} a6 {[%emt 0:14:11]} 16. Rad1 {[%emt 0:04:54]} Bf5 {[%emt 0:02:07]} 17. Qd2 {[%emt 0:07:46]} g5 {[%emt 0:01:53]} 18. Be5 {[%emt 0:03:54]} Rc8 {[%emt 0:07:55]} 19. Qd4 {[%emt 0:16:54]} b5 {[%emt 0:18:50]} 20. b3 {[%emt 0:00:15]} Bg6 {[%emt 0:05:36]} 21. Re3 {[%emt 0:02:58]} Kh7 {[%emt 0:09:02]} 22. Qb4 {[%emt 0:09:41]} Nd7 {[%emt 0:04:54]} 23. Bxg7 {[%emt 0:00:42]} Kxg7 {[%emt 0:00:01]} 24. h4 {[%emt 0:05:48]} gxh4 {[%emt 0:03:37]} 25. Nxh4 {[%emt 0:00:04]} Qb6 {[%emt 0:00:50]} 26. Nxg6 {[%emt 0:00:29]} fxg6 {[%emt 0:02:45]} 27. Rxe7+ {[%emt 0:00:07]} Rxe7 {[%emt 0:00:11]} 28. Qxe7+ {[%emt 0:00:03]} Kg8 {[%emt 0:00:07]} 29. Qxd7 {[%emt 0:00:12]} Rxc3 {[%emt 0:00:06]} 30. Re1 {[%emt 0:00:16]} 1-0